00608nam a2200169 a 450000100100000000500170001000800410002702000180006804000250008610000400011124500600015126000360021130000210024750000420026895201110031099900170042100003983120201002033747.0130724s2007 cu 000 0 spa d a9789590108037 aDO-SdBNPbspacBNPHU1 aRodríguez Salgado, Ramón96602010aVerguenza contra dinero /cRamón Rodríguez Salgado. aLa Habana :bPolítica,c2007. a286 p. ;c23 cm. aIncluye notas al pie de las páginas 001054708MOaGRbGRcCTd2013-07-24iLF1l0o p39831-10r2020-06-25w2020-06-25y4ZPréstamo en sala c39321d39321